000 00815nam a22002297a 4500
999 _c64117
_d64117
005 20240530110715.0
008 171225s2016 ua a g b 000 fdara d
017 _a2016/27226
_bمصر. دار الكتب
020 _a9789773136215
040 _aEG-CaGPL
_cEG-CaGPL
082 0 4 _221
_a813.03\
_bأ م
100 0 _aاميرة بهى الدين
245 1 0 _aموال الوصل والوجع :
_bرواية /
_cاميرة بهى الدين .
250 _aط.1
260 _aالقاهرة :
_bمركز المحروسة للنشر والخدمات الصحفية والمعلومات ،
_c2017 .
300 _a202 ص. ؛
_c20 سم.
490 0 _aمدونة الشوارع حواديت
650 0 7 _2qrmak
_aالقصص القصيرة
651 _2qrmak
942 _2ddc
_cBK